[Event "Tournoi de la St-Jean"]
[Site "Quebec CAN"]
[Date "2004.06.25"]
[Round "1"]
[White "Cournoyer, Dominic"]
[Black "Bourassa, Samuel"]
[Result "0-1"]
[WhiteElo "1178"]
[BlackElo "1415"]
[PlyCount "92"]
[GameId "2160767911145673"]
[EventDate "2004.06.??"]
[EventType "swiss"]
[EventRounds "5"]
[EventCountry "CAN"]
[SourceTitle "EXT 2006"]
[Source "ChessBase"]
[SourceDate "2005.11.24"]
[SourceVersion "1"]
[SourceVersionDate "2005.11.24"]
[SourceQuality "1"]

1. c4 Nf6 2. Nc3 d6 3. Nf3 g6 4. g3 b6 5. Bg2 Bb7 6. d3 Bg7 7. O-O c5 8. Bd2 Nc6 9. Qc1 O-O 10. Bg5 Re8 11. Re1 Rb8 12. Rb1 Qd7 13. a3 a5 14. Nb5 Ba6 15. Nc3 Nd8 16. Bh6 Nc6 17. Qd2 d5 18. cxd5 Nxd5 19. Bxg7 Kxg7 20. Nxd5 Qxd5 21. Ng5 Qd6 22. Ne4 Qc7 23. f4 Rbd8 24. Qc3+ e5 25. Rf1 Nd4 26. Qe1 exf4 27. Rxf4 f5 28. e3 Ne6 29. Qc3+ Kf7 30. Qf6+ Kg8 31. Ng5 Nxg5 32. Qxg5 Bxd3 33. Re1 Qe5 34. Bc6 Re7 35. Rh4 Rd6 36. Bg2 Rde6 37. Qh6 Rd7 38. a4 Qxb2 39. Bd5 Rxd5 40. Qxh7+ Kf8 41. Qb7 Rd8 42. Rh7 Qf6 43. Qc7 Rde8 44. Qf4 g5 45. Qf3 f4 46. Qh5 Bxh7 0-1

[Event "Tournoi de la St-Jean"]
[Site "Quebec CAN"]
[Date "2004.06.25"]
[Round "1"]
[White "Deschesnes, Jean"]
[Black "Naud Cavion, Patrick"]
[Result "1/2-1/2"]
[WhiteElo "1769"]
[BlackElo "1563"]
[PlyCount "113"]
[GameId "2160767911145674"]
[EventDate "2004.06.??"]
[EventType "swiss"]
[EventRounds "5"]
[EventCountry "CAN"]
[SourceTitle "EXT 2006"]
[Source "ChessBase"]
[SourceDate "2005.11.24"]
[SourceVersion "1"]
[SourceVersionDate "2005.11.24"]
[SourceQuality "1"]

1. c4 c5 2. Nc3 Nf6 3. g3 e6 4. Bg2 Nc6 5. Nf3 d5 6. cxd5 exd5 7. d4 Be6 8. O-O Qd7 9. Re1 Be7 10. e3 O-O 11. Ne5 Qd6 12. Nb5 Qd8 13. Nxc6 bxc6 14. Nc3 cxd4 15. Qxd4 Qb6 16. Ne2 Qxd4 17. Nxd4 Rac8 18. Nxe6 fxe6 19. b3 Rc7 20. Bb2 Ng4 21. Re2 Bc5 22. Bd4 Bxd4 23. exd4 c5 24. Bh3 h5 25. Bxg4 hxg4 26. Rc1 Rfc8 27. Rxc5 Rxc5 28. dxc5 Rxc5 29. Rxe6 Kf7 30. Ra6 Rc1+ 31. Kg2 d4 32. Rxa7+ Ke6 33. Ra4 Ke5 34. Ra8 Ke4 35. a4 d3 36. Rd8 Rc2 37. a5 Ra2 38. b4 Ra4 39. h3 Rxb4 40. a6 Ra4 41. Rd6 gxh3+ 42. Kxh3 Ra2 43. f4 d2 44. Kg4 Ke3 45. Kg5 Ke2 46. g4 d1=Q 47. Rxd1 Kxd1 48. Kg6 Rxa6+ 49. Kxg7 Ra4 50. g5 Rxf4 51. g6 Ke2 52. Kg8 Ke3 53. g7 Ke4 54. Kh7 Rh4+ 55. Kg6 Rg4+ 56. Kf7 Rf4+ 57. Ke7 1/2-1/2

[Event "Tournoi de la St-Jean"]
[Site "Quebec CAN"]
[Date "2004.06.25"]
[Round "1"]
[White "Duchesneau, Alain"]
[Black "Duplessis, Jean-Roch"]
[Result "1/2-1/2"]
[WhiteElo "1568"]
[BlackElo "1780"]
[PlyCount "88"]
[GameId "2160767911145675"]
[EventDate "2004.06.??"]
[EventType "swiss"]
[EventRounds "5"]
[EventCountry "CAN"]
[SourceTitle "EXT 2006"]
[Source "ChessBase"]
[SourceDate "2005.11.24"]
[SourceVersion "1"]
[SourceVersionDate "2005.11.24"]
[SourceQuality "1"]

1. e4 c5 2. Nc3 Nc6 3. g3 Nf6 4. Bg2 e6 5. f4 d5 6. e5 d4 7. exf6 dxc3 8. fxg7 cxd2+ 9. Qxd2 Bxg7 10. Qxd8+ Nxd8 11. c3 Bd7 12. Be3 Rc8 13. O-O-O b5 14. Ne2 Bc6 15. Bxc6+ Rxc6 16. Kc2 Nb7 17. Rd2 Ke7 18. Rhd1 Rd8 19. Rxd8 Nxd8 20. g4 Nb7 21. Ng3 Nd6 22. b3 a5 23. h4 c4 24. Bd4 Bxd4 25. Rxd4 cxb3+ 26. axb3 b4 27. c4 Nb5 28. Re4 f6 29. Nf5+ Kf7 30. Nd4 Nxd4+ 31. Rxd4 Rc5 32. Rd7+ Kg8 33. Kd3 h5 34. Kd4 Rc8 35. gxh5 e5+ 36. fxe5 fxe5+ 37. Kd5 a4 38. bxa4 Rb8 39. Kxe5 b3 40. Rd1 Re8+ 41. Kf4 Rc8 42. Rb1 Rxc4+ 43. Kg5 Rxa4 44. Rxb3 Ra5+ 1/2-1/2

[Event "Tournoi de la St-Jean"]
[Site "Quebec CAN"]
[Date "2004.06.25"]
[Round "1"]
[White "Dupont, Gaetan"]
[Black "Lavoie, Eric"]
[Result "0-1"]
[WhiteElo "994"]
[BlackElo "1293"]
[PlyCount "56"]
[GameId "2160767911145676"]
[EventDate "2004.06.??"]
[EventType "swiss"]
[EventRounds "5"]
[EventCountry "CAN"]
[SourceTitle "EXT 2006"]
[Source "ChessBase"]
[SourceDate "2005.11.24"]
[SourceVersion "1"]
[SourceVersionDate "2005.11.24"]
[SourceQuality "1"]

1. e4 e6 2. d3 c5 3. Nc3 d5 4. exd5 exd5 5. g3 Nf6 6. Bg2 Be6 7. Nf3 Be7 8. O-O O-O 9. Re1 Nc6 10. Bf4 a6 11. Ng5 Bg4 12. Bf3 Bxf3 13. Qxf3 Nd4 14. Qd1 Bd6 15. Nh3 b5 16. Ne2 Nf3+ 17. Kg2 Nxe1+ 18. Qxe1 Re8 19. Qd2 Ra7 20. Bg5 d4 21. Nhf4 Qa8+ 22. f3 Bxf4 23. Nxf4 Nd5 24. Kf2 f6 25. c4 Nxf4 26. Bxf4 Rae7 27. Qa5 Re2+ 28. Kf1 Qxf3+ 0-1

[Event "Tournoi de la St-Jean"]
[Site "Quebec CAN"]
[Date "2004.06.25"]
[Round "1"]
[White "Esculier, Stephane"]
[Black "Saillant, Benoit"]
[Result "0-1"]
[WhiteElo "1440"]
[BlackElo "1183"]
[PlyCount "72"]
[GameId "2160767911145677"]
[EventDate "2004.06.??"]
[EventType "swiss"]
[EventRounds "5"]
[EventCountry "CAN"]
[SourceTitle "EXT 2006"]
[Source "ChessBase"]
[SourceDate "2005.11.24"]
[SourceVersion "1"]
[SourceVersionDate "2005.11.24"]
[SourceQuality "1"]

1. e4 d6 2. d4 Nf6 3. Nc3 g6 4. f4 Bg7 5. Nf3 c5 6. Be3 Ng4 7. Qd2 Nxe3 8. Qxe3 cxd4 9. Nxd4 Qb6 10. Bb5+ Nc6 11. O-O-O O-O 12. Bxc6 bxc6 13. Rhe1 Be6 14. Nxe6 Qxe3+ 15. Rxe3 fxe6 16. Rf1 Bh6 17. Ne2 e5 18. g3 exf4 19. gxf4 e5 20. Ref3 d5 21. exd5 cxd5 22. Kb1 e4 23. Rg3 Bg7 24. Re3 Rae8 25. Ng3 Bd4 26. Re2 e3 27. c3 Bb6 28. Kc2 h5 29. h4 Bc7 30. Rg1 Rxf4 31. Nxh5 Rf2 32. Rxg6+ Kh7 33. Rg2 Rxg2 34. Rxg2 e2 35. Kd2 e1=Q+ 36. Kd3 Qe4+ 0-1

[Event "Tournoi de la St-Jean"]
[Site "Quebec CAN"]
[Date "2004.06.25"]
[Round "1"]
[White "Filiatrault, Alexandre"]
[Black "Gago, Nelson"]
[Result "0-1"]
[WhiteElo "1641"]
[BlackElo "1833"]
[PlyCount "68"]
[GameId "2160767911145678"]
[EventDate "2004.06.??"]
[EventType "swiss"]
[EventRounds "5"]
[EventCountry "CAN"]
[SourceTitle "EXT 2006"]
[Source "ChessBase"]
[SourceDate "2005.11.24"]
[SourceVersion "1"]
[SourceVersionDate "2005.11.24"]
[SourceQuality "1"]

1. e4 c6 2. d4 d5 3. exd5 cxd5 4. c4 Nf6 5. Nc3 e6 6. Nf3 Bb4 7. a3 Bxc3+ 8. bxc3 Ne4 9. Bd2 O-O 10. Bd3 Nxd2 11. Qxd2 dxc4 12. Bxc4 Nc6 13. O-O b6 14. Bd3 Ne7 15. Rfe1 Bb7 16. Ng5 Ng6 17. g3 Qf6 18. h4 h6 19. Ne4 Qd8 20. h5 Nh8 21. Rab1 Rb8 22. Qf4 Qd5 23. c4 Qxh5 24. Rb5 f5 25. Be2 Ng6 26. Bxh5 Nxf4 27. gxf4 fxe4 28. Re5 Rf6 29. f3 exf3 30. Rxe6 Rxf4 31. Kf2 Rxd4 32. Bg6 Rd2+ 33. Kf1 Rf8 34. Re7 f2 0-1

[Event "Tournoi de la St-Jean"]
[Site "Quebec CAN"]
[Date "2004.06.25"]
[Round "1"]
[White "Gangnier, Gary"]
[Black "Plamondon, Pascal"]
[Result "0-1"]
[WhiteElo "1027"]
[BlackElo "1245"]
[PlyCount "71"]
[GameId "2160767911145679"]
[EventDate "2004.06.??"]
[EventType "swiss"]
[EventRounds "5"]
[EventCountry "CAN"]
[SourceTitle "EXT 2006"]
[Source "ChessBase"]
[SourceDate "2005.11.24"]
[SourceVersion "1"]
[SourceVersionDate "2005.11.24"]
[SourceQuality "1"]

1. d4 d5 2. e3 Nc6 3. c4 Nf6 4. Nf3 Bf5 5. Nc3 e6 6. Be2 Bb4 7. O-O O-O 8. Bd2 a6 9. b3 Bxc3 10. Bxc3 dxc4 11. bxc4 Qd6 12. Bd3 Rfe8 13. Re1 Bxd3 14. Qxd3 h6 15. e4 e5 16. d5 Nb4 17. Qd2 a5 18. a3 c5 19. Rab1 Na6 20. Bxa5 Rab8 21. Rb6 Qd7 22. Bc3 Qg4 23. h3 Qf4 24. Qc2 Nd7 25. g3 Qxf3 26. Rb3 Qh5 27. Kg2 g5 28. f3 f6 29. Qd2 Kg7 30. d6 Qf7 31. Qb2 Qxc4 32. Rxb7 Red8 33. Bxe5 Rxb7 34. Rc1 Rxb2+ 35. Bxb2 Qe2+ 36. Kg1 0-1

[Event "Tournoi de la St-Jean"]
[Site "Quebec CAN"]
[Date "2004.06.25"]
[Round "1"]
[White "Gilbert, Erick"]
[Black "Tremblay, Rejean"]
[Result "1/2-1/2"]
[WhiteElo "1978"]
[BlackElo "2270"]
[PlyCount "43"]
[GameId "2160767911145680"]
[EventDate "2004.06.??"]
[EventType "swiss"]
[EventRounds "5"]
[EventCountry "CAN"]
[SourceTitle "EXT 2006"]
[Source "ChessBase"]
[SourceDate "2005.11.24"]
[SourceVersion "1"]
[SourceVersionDate "2005.11.24"]
[SourceQuality "1"]

1. Nf3 g6 2. e4 Bg7 3. d4 d6 4. Bc4 Nf6 5. Nbd2 O-O 6. O-O Nxe4 7. Nxe4 d5 8. Bd3 dxe4 9. Bxe4 Nd7 10. c3 Nf6 11. Bc2 b6 12. Re1 Bb7 13. Qe2 e6 14. Bg5 Qd6 15. Rad1 Rfe8 16. c4 Rac8 17. b3 a5 18. Ne5 h6 19. Bf4 Nh5 20. Bc1 Nf6 21. Bf4 Nh5 22. Bc1 1/2-1/2

[Event "Tournoi de la St-Jean"]
[Site "Quebec CAN"]
[Date "2004.06.25"]
[Round "1"]
[White "Leclair, Hugues"]
[Black "Beaudoin, Stephane"]
[Result "1/2-1/2"]
[WhiteElo "1852"]
[BlackElo "2125"]
[PlyCount "111"]
[GameId "2160767911145682"]
[EventDate "2004.06.??"]
[EventType "swiss"]
[EventRounds "5"]
[EventCountry "CAN"]
[SourceTitle "EXT 2006"]
[Source "ChessBase"]
[SourceDate "2005.11.24"]
[SourceVersion "1"]
[SourceVersionDate "2005.11.24"]
[SourceQuality "1"]

1. d4 Nf6 2. c4 e6 3. Nf3 c5 4. Nc3 Be7 5. e3 O-O 6. Bd3 d6 7. O-O Nc6 8. Re1 Nd7 9. b3 e5 10. dxc5 Nxc5 11. Bb2 Nb4 12. Be2 Bf5 13. e4 Nxe4 14. Nxe4 Bxe4 15. Rf1 a5 16. a3 Na6 17. Bd3 Bxd3 18. Qxd3 Nc5 19. Qc2 Qb6 20. Rab1 Qc6 21. Rfe1 Ne6 22. Rbd1 Rae8 23. Qc3 b6 24. Qe3 Qc5 25. Qe4 f5 26. Qb1 Bf6 27. Qxf5 Nf4 28. Qe4 b5 29. cxb5 Qxb5 30. Qc4+ Qxc4 31. bxc4 Rb8 32. Bc3 Rb3 33. Bxa5 Rxa3 34. Bb4 Ra2 35. Bxd6 Re8 36. c5 Ne2+ 37. Kf1 Nc3 38. Ra1 Rxa1 39. Rxa1 e4 40. Nd2 Nb5 41. Re1 Bc3 42. Rxe4 Ra8 43. Nf3 Nxd6 44. cxd6 Rd8 45. Rc4 Bf6 46. Rc6 Kf7 47. Ke2 Ke6 48. Ke3 Rxd6 49. Rxd6+ Kxd6 50. Ke4 g6 51. h4 h5 52. Ng5 Bc3 53. f4 Ke7 54. Kf3 Be1 55. g3 Kf6 56. Ne4+ 1/2-1/2

[Event "Tournoi de la St-Jean"]
[Site "Quebec CAN"]
[Date "2004.06.25"]
[Round "1"]
[White "Marcouiller, David"]
[Black "Collin-Deslauriers, Hugo"]
[Result "0-1"]
[WhiteElo "1185"]
[BlackElo "1433"]
[PlyCount "72"]
[GameId "2160767911145684"]
[EventDate "2004.06.??"]
[EventType "swiss"]
[EventRounds "5"]
[EventCountry "CAN"]

1. e4 e5 2. Bc4 Nf6 3. Nc3 Bc5 4. Nf3 Nc6 5. d3 h6 6. Be3 Bb6 7. Nd5 d6 8. Qd2 Be6 9. O-O-O Nd4 10. c3 Nxf3 11. gxf3 c6 12. Nb4 d5 13. exd5 cxd5 14. Bb5+ Kf8 15. d4 e4 16. Qe2 exf3 17. Qxf3 Bg4 18. Qg3 Bxd1 19. Kxd1 Ne4 20. Qf3 a6 21. Ba4 Ba5 22. Nd3 Bxc3 23. Ne5 Qc7 24. Ng6+ Kg8 25. Nxh8 Kxh8 26. Bf4 Qc4 27. Bb3 Qxd4+ 28. Kc2 Rc8 29. Qe3 Bd2+ 30. Kb1 Bxe3 31. Bxe3 Qd3+ 32. Ka1 Nd2 33. Rg1 Nxb3+ 34. axb3 Qxb3 35. Rg3 Rc2 36. Bd4 Rc1# 0-1

[Event "Tournoi de la St-Jean"]
[Site "Quebec CAN"]
[Date "2004.06.25"]
[Round "1"]
[White "Moisan, Francois"]
[Black "Hebert, Andre jr"]
[Result "1/2-1/2"]
[WhiteElo "1833"]
[BlackElo "1648"]
[PlyCount "73"]
[GameId "2160767911145685"]
[EventDate "2004.06.??"]
[EventType "swiss"]
[EventRounds "5"]
[EventCountry "CAN"]

1. e4 Nf6 2. e5 Nd5 3. d4 d6 4. c4 Nb6 5. Nf3 Nc6 6. Be2 Bg4 7. exd6 exd6 8. O-O Be7 9. Bf4 Bf6 10. Nbd2 O-O 11. d5 Ne7 12. Qb3 Ng6 13. Be3 Re8 14. Rfe1 Qd7 15. a4 Qc8 16. Bd3 Nd7 17. h3 Bxf3 18. Nxf3 Nge5 19. Nxe5 Nxe5 20. Bc2 b6 21. Rac1 Qa6 22. Bb1 Nd7 23. Qc2 g6 24. b4 Re7 25. f4 Rae8 26. Bf2 Qb7 27. Rxe7 Rxe7 28. Re1 Rxe1+ 29. Bxe1 Bd4+ 30. Kh1 Qc8 31. Qe4 Bf6 32. Bf2 Kf8 33. Bc2 Qe8 34. Qf3 Qe7 35. g3 Bg7 36. h4 Qf6 37. Qb3 1/2-1/2

[Event "Tournoi de la St-Jean"]
[Site "Quebec CAN"]
[Date "2004.06.25"]
[Round "1"]
[White "Rousseau, Daniel"]
[Black "Champetier, Serge"]
[Result "1-0"]
[WhiteElo "2198"]
[BlackElo "1985"]
[PlyCount "59"]
[GameId "2160767911145687"]
[EventDate "2004.06.??"]
[EventType "swiss"]
[EventRounds "5"]
[EventCountry "CAN"]
[SourceTitle "EXT 2006"]
[Source "ChessBase"]
[SourceDate "2005.11.24"]
[SourceVersion "1"]
[SourceVersionDate "2005.11.24"]
[SourceQuality "1"]

1. e4 d6 2. d4 Nf6 3. Nc3 g6 4. Nf3 Bg7 5. h3 O-O 6. Be2 Nc6 7. Be3 e5 8. d5 Ne7 9. Qd2 Bd7 10. g4 b5 11. Bd3 Qb8 12. g5 Nh5 13. Ne2 c6 14. Nh4 cxd5 15. exd5 b4 16. Be4 a5 17. O-O-O a4 18. Kb1 b3 19. cxb3 a3 20. Rc1 axb2 21. Qxb2 Rc8 22. f3 Nf5 23. Bf2 Nxh4 24. Bxh4 Nf4 25. Bf2 Qb5 26. Nxf4 exf4 27. Bd4 Bxd4 28. Qxd4 Qe2 29. Qb2 Rxc1+ 30. Rxc1 1-0

[Event "Tournoi de la St-Jean"]
[Site "Quebec CAN"]
[Date "2004.06.25"]
[Round "1"]
[White "Turcotte, Roger"]
[Black "Lemieux, Francois"]
[Result "1-0"]
[WhiteElo "1232"]
[BlackElo "1149"]
[PlyCount "97"]
[GameId "2160767911145688"]
[EventDate "2004.06.??"]
[EventType "swiss"]
[EventRounds "5"]
[EventCountry "CAN"]
[SourceTitle "EXT 2006"]
[Source "ChessBase"]
[SourceDate "2005.11.24"]
[SourceVersion "1"]
[SourceVersionDate "2005.11.24"]
[SourceQuality "1"]

1. e4 e5 2. Nf3 Nc6 3. Bb5 Nf6 4. d3 Bc5 5. h3 d5 6. Bxc6+ bxc6 7. Nxe5 O-O 8. Nxc6 Qd6 9. d4 Qxc6 10. dxc5 Nxe4 11. Be3 Ba6 12. b4 Rae8 13. a4 Qf6 14. Qd4 Qf5 15. b5 Nxf2 16. O-O Re4 17. Rxf2 Rxd4 18. Rxf5 Rd1+ 19. Rf1 Rxf1+ 20. Kxf1 Bc8 21. Bf4 Re8 22. Bxc7 Bf5 23. b6 axb6 24. cxb6 Bc8 25. a5 Ba6+ 26. Kf2 Re2+ 27. Kg3 Rxc2 28. Na3 Rc3+ 29. Kh2 f5 30. Rb1 Rxa3 31. b7 Bxb7 32. Rxb7 h5 33. Rb8+ Kf7 34. Rd8 Ke6 35. Bb6 g5 36. Ra8 h4 37. a6 g4 38. hxg4 fxg4 39. a7 g3+ 40. Kh3 Ra4 41. Re8+ Kd7 42. a8=Q Rxa8 43. Rxa8 Kc6 44. Bd4 Kd7 45. Rf8 Ke7 46. Rf1 Kd6 47. Kxh4 Kc6 48. Kxg3 Kb5 49. Rc1 1-0

[Event "Tournoi de la St-Jean"]
[Site "Quebec CAN"]
[Date "2004.06.25"]
[Round "1"]
[White "Vallieres, David"]
[Black "Proteau, Denis"]
[Result "1/2-1/2"]
[WhiteElo "1337"]
[BlackElo "1069"]
[PlyCount "92"]
[GameId "2160767911145689"]
[EventDate "2004.06.??"]
[EventType "swiss"]
[EventRounds "5"]
[EventCountry "CAN"]
[SourceTitle "EXT 2006"]
[Source "ChessBase"]
[SourceDate "2005.11.24"]
[SourceVersion "1"]
[SourceVersionDate "2005.11.24"]
[SourceQuality "1"]

1. e4 c5 2. Nc3 e6 3. g3 Nc6 4. Bg2 Nf6 5. d3 Be7 6. f4 d6 7. Nh3 O-O 8. O-O b6 9. e5 Nd5 10. Nxd5 exd5 11. Bxd5 Bxh3 12. Bxc6 Rc8 13. exd6 Qxd6 14. Bg2 Bxg2 15. Kxg2 Bf6 16. g4 Rfe8 17. g5 Qc6+ 18. Qf3 Re2+ 19. Rf2 Rxf2+ 20. Kxf2 Bd4+ 21. Kg2 g6 22. Qxc6 Rxc6 23. c3 Bg7 24. Bd2 Re6 25. Re1 Rxe1 26. Bxe1 f6 27. Kf3 Kf7 28. a4 f5 29. Bf2 Ke6 30. Ke2 Kd5 31. Kd2 c4 32. a5 cxd3 33. axb6 axb6 34. Kxd3 b5 35. b3 Bf8 36. c4+ bxc4+ 37. bxc4+ Kc6 38. Ba7 Bd6 39. Be3 Be7 40. h4 Bd6 41. Bd2 Be7 42. Bc3 Bd6 43. Be5 Be7 44. Kc3 Bf8 45. Kb3 Bc5 46. Kc3 Be7 1/2-1/2

[Event "Tournoi de la St-Jean"]
[Site "Quebec CAN"]
[Date "2004.06.26"]
[Round "2"]
[White "Collin-Deslauriers, Hugo"]
[Black "Plante, Marc-Eric"]
[Result "1-0"]
[WhiteElo "1433"]
[BlackElo "1269"]
[PlyCount "67"]
[GameId "2160767911145690"]
[EventDate "2004.06.??"]
[EventType "swiss"]
[EventRounds "5"]
[EventCountry "CAN"]
[SourceTitle "EXT 2006"]
[Source "ChessBase"]
[SourceDate "2005.11.24"]
[SourceVersion "1"]
[SourceVersionDate "2005.11.24"]
[SourceQuality "1"]

1. e4 c5 2. d4 cxd4 3. Nf3 e6 4. Nxd4 Nf6 5. Bg5 Nc6 6. Nc3 d6 7. Be2 Be7 8. O-O a6 9. Be3 O-O 10. f4 Qc7 11. Bd3 Bd7 12. Qf3 b5 13. Qg3 Rfd8 14. Nf3 Nb4 15. Be2 Nxc2 16. Rac1 Nxe3 17. Nd5 Qa7 18. Nxe7+ Kf8 19. Rf2 Kxe7 20. e5 Ne4 21. Qxg7 Nxf2 22. Qf6+ Kf8 23. Ng5 Nh3+ 24. Kh1 Bc6 25. Rxc6 Nd5 26. Qh6+ Ke7 27. Nxh3 Qb7 28. Qg5+ Kd7 29. Rc1 Rac8 30. Rd1 Rg8 31. Qh5 Rc5 32. Bf3 Qc7 33. Qxh7 Rf8 34. Qg7 1-0

[Event "Tournoi de la St-Jean"]
[Site "Quebec CAN"]
[Date "2004.06.26"]
[Round "2.18"]
[White "Amesse, Louis-Philippe"]
[Black "Bisson, Real"]
[Result "0-1"]
[WhiteElo "1668"]
[BlackElo "1689"]
[PlyCount "94"]
[GameId "2160767911145691"]
[EventDate "2004.06.??"]
[EventType "swiss"]
[EventRounds "5"]
[EventCountry "CAN"]

1. d4 d5 2. Nf3 e6 3. a3 Nf6 4. Bg5 Nbd7 5. c4 c6 6. e3 Qa5+ 7. Nbd2 dxc4 8. Bxc4 Bd6 9. b4 Qc7 10. h3 h6 11. Bxf6 Nxf6 12. Bd3 O-O 13. Nc4 Be7 14. Bb1 Nd5 15. Qc2 f5 16. O-O Bf6 17. Ba2 g5 18. Nce5 Qg7 19. Bxd5 exd5 20. Nd3 g4 21. hxg4 fxg4 22. Nfe5 Bf5 23. Qe2 h5 24. Nf4 Qg5 25. Ned3 Rae8 26. Rfe1 Bxd4 27. Rac1 g3 28. Qxh5 gxf2+ 29. Nxf2 Qxh5 30. Nxh5 Bxe3 31. Rxe3 Rxe3 32. Nf4 Rfe8 33. Kh2 Rxa3 34. b5 Re7 35. bxc6 Rh7+ 36. Kg1 bxc6 37. N4h3 Rc7 38. Nf4 Rc8 39. Ne2 c5 40. Nc3 d4 41. Nb5 Ra6 42. g4 Bd7 43. Nxd4 cxd4 44. Rd1 Ra4 45. Kg2 Rc2 46. Kf1 Raa2 47. Ne4 Bb5+ 0-1

[Event "Tournoi de la St-Jean"]
[Site "Quebec CAN"]
[Date "2004.06.26"]
[Round "2.19"]
[White "Bender, Karl"]
[Black "Archambault, Serge"]
[Result "1/2-1/2"]
[WhiteElo "1580"]
[BlackElo "1695"]
[PlyCount "92"]
[GameId "2160767911145692"]
[EventDate "2004.06.??"]
[EventType "swiss"]
[EventRounds "5"]
[EventCountry "CAN"]

1. d4 g6 2. Nf3 Bg7 3. e4 d6 4. Nc3 f5 5. Be3 fxe4 6. Nxe4 Nf6 7. Nxf6+ Bxf6 8. a4 c6 9. c3 O-O 10. Bd3 Bg7 11. h4 Nd7 12. h5 e5 13. Qb3+ d5 14. dxe5 Rxf3 15. gxf3 Nxe5 16. Be2 Qf6 17. f4 Nf7 18. hxg6 hxg6 19. O-O-O Nd6 20. Bd3 Bf5 21. Bxf5 Nxf5 22. Qc2 b6 23. Rdg1 Re8 24. Rh3 Re4 25. Kb1 c5 26. Qb3 Qe6 27. Rgh1 c4 28. Qb4 Nxe3 29. fxe3 Rxe3 30. Rxe3 Qxe3 31. Ka2 Qf3 32. Re1 Qxf4 33. Qe7 Qf7 34. Qd8+ Kh7 35. Qh4+ Kg8 36. Qd8+ Bf8 37. Rd1 Qf5 38. Qxd5+ Qxd5 39. Rxd5 Bc5 40. Rd8+ Kf7 41. Rd7+ Kf6 42. Rxa7 g5 43. a5 bxa5 44. Rc7 Bd6 45. Rxc4 Kf5 46. Rc8 g4 1/2-1/2

[Event "Tournoi de la St-Jean"]
[Site "Quebec CAN"]
[Date "2004.06.26"]
[Round "2.21"]
[White "Deschambault, Alexandre"]
[Black "Delisle, Louis-Martin"]
[Result "1-0"]
[WhiteElo "1682"]
[BlackElo "1783"]
[PlyCount "103"]
[GameId "2160767911145693"]
[EventDate "2004.06.??"]
[EventType "swiss"]
[EventRounds "5"]
[EventCountry "CAN"]

1. e4 Nc6 2. f4 d5 3. exd5 Qxd5 4. Nc3 Qa5 5. Bc4 Nf6 6. Nf3 Bg4 7. d3 Nd4 8. Bd2 Bxf3 9. gxf3 Qh5 10. Kf2 c6 11. Rc1 e6 12. Ne4 Be7 13. c3 Nf5 14. Ng3 Qh4 15. Kg2 O-O 16. Qe1 Nd6 17. Bb3 Nd5 18. Ne2 Qh5 19. Qf2 Qg6+ 20. Ng3 Qxd3 21. Bc2 Qb5 22. b3 Qb6 23. Qe2 Rfe8 24. c4 Nb4 25. c5 Qb5 26. cxd6 Bxd6 27. Qxb5 cxb5 28. Ne4 Bf8 29. Bxb4 Bxb4 30. Rhd1 Ba3 31. Rb1 Rac8 32. Rd2 Re7 33. Rbd1 f6 34. Rd8+ Rxd8 35. Rxd8+ Kf7 36. Nd6+ Bxd6 37. Rxd6 Rc7 38. Rd2 f5 39. Kf2 Ke7 40. Ke3 h6 41. h4 h5 42. Bd3 a6 43. Rc2 Rd7 44. Re2 Kd8 45. Rg2 Ke7 46. Rxg7+ Kd8 47. Rxd7+ Kxd7 48. Kd4 Kd6 49. a4 b4 50. a5 Kc6 51. Ke5 Kd7 52. Bc4 1-0

[Event "Tournoi de la St-Jean"]
[Site "Quebec CAN"]
[Date "2004.06.26"]
[Round "2.22"]
[White "Duplessis, Jean-Roch"]
[Black "Blais, Georges"]
[Result "1-0"]
[WhiteElo "1780"]
[BlackElo "1559"]
[PlyCount "77"]
[GameId "2160767911145694"]
[EventDate "2004.06.??"]
[EventType "swiss"]
[EventRounds "5"]
[EventCountry "CAN"]

1. e4 c5 2. Nf3 Nc6 3. Bb5 a6 4. Bxc6 dxc6 5. d4 cxd4 6. Qxd4 Qxd4 7. Nxd4 e5 8. Nb3 Bb4+ 9. Bd2 Bxd2+ 10. N1xd2 Nf6 11. O-O-O Ng4 12. Rdf1 a5 13. Nc4 a4 14. Nc5 b5 15. Nb6 Rb8 16. Nxc8 Rxc8 17. h3 Nf6 18. Rd1 Ke7 19. Rd3 Rhd8 20. Rg3 Ne8 21. Rd1 Rxd1+ 22. Kxd1 Rd8+ 23. Ke2 Rd4 24. b3 axb3 25. axb3 g6 26. Rd3 Rxd3 27. Kxd3 Nc7 28. Kc3 Ne6 29. Kb4 Nxc5 30. Kxc5 Kd7 31. h4 f6 32. g4 h6 33. h5 g5 34. c4 bxc4 35. bxc4 Kc7 36. f3 Kd7 37. Kb6 Kd6 38. c5+ Kd7 39. Kb7 1-0

[Event "Tournoi de la St-Jean"]
[Site "Quebec CAN"]
[Date "2004.06.26"]
[Round "2.23"]
[White "Hebert, Andre jr"]
[Black "Deschesnes, Jean"]
[Result "1-0"]
[WhiteElo "1671"]
[BlackElo "1769"]
[PlyCount "113"]
[GameId "2160767911145695"]
[EventDate "2004.06.??"]
[EventType "swiss"]
[EventRounds "5"]
[EventCountry "CAN"]

1. Nf3 d6 2. g3 Nf6 3. Bg2 g6 4. O-O Bg7 5. d3 O-O 6. e4 c6 7. c3 Nbd7 8. h3 e5 9. Be3 Qc7 10. Qd2 Re8 11. Bh6 Nf8 12. Na3 Bd7 13. Bxg7 Kxg7 14. Nc2 Rad8 15. Ne3 Bc8 16. Qc2 b6 17. Rad1 Bb7 18. Nh4 Nh5 19. Bf3 Nf6 20. Bg2 Ne6 21. Qc1 Kh8 22. Ng4 Nxg4 23. hxg4 f6 24. Qh6 Qg7 25. Qe3 c5 26. c4 Nd4 27. Nf3 Bc8 28. Nxd4 cxd4 29. Qe2 g5 30. Bf3 Be6 31. Kg2 Bf7 32. Rh1 Bg6 33. Rh2 Re7 34. b3 Rc7 35. Rdh1 Rdc8 36. Qd2 Qd7 37. Rh6 Kg7 38. R6h2 b5 39. Rc1 bxc4 40. dxc4 Qc6 41. Re1 Qc5 42. Rhh1 a5 43. Bd1 a4 44. Bc2 d5 45. exd5 Bxc2 46. Qxc2 Qxd5+ 47. f3 Kg8 48. Qf5 Qf7 49. Rh6 Rc6 50. Reh1 R8c7 51. R1h5 axb3 52. axb3 Qg7 53. Qe4 Ra6 54. Qd5+ Rf7 55. Rxh7 Ra2+ 56. Kh3 Qxh7 57. Rxh7 1-0

[Event "Tournoi de la St-Jean"]
[Site "Quebec CAN"]
[Date "2004.06.26"]
[Round "2.25"]
[White "Naud Cavion, Patrick"]
[Black "Sarra-Bournet, Marc"]
[Result "0-1"]
[WhiteElo "1562"]
[BlackElo "1742"]
[PlyCount "94"]
[GameId "2160767911145696"]
[EventDate "2004.06.??"]
[EventType "swiss"]
[EventRounds "5"]
[EventCountry "CAN"]

1. e4 e5 2. Nf3 Nc6 3. Bb5 a6 4. Bxc6 dxc6 5. d3 f6 6. Nxe5 fxe5 7. Qh5+ Ke7 8. Qxe5+ Be6 9. Bg5+ Nf6 10. Qf4 h6 11. Bxf6+ gxf6 12. O-O Rg8 13. Qe3 Qd7 14. Kh1 Re8 15. f4 Kd8 16. Rf3 h5 17. Qa7 Bh6 18. Nc3 Bg4 19. Rf2 Qd6 20. Raf1 Qb4 21. h3 Bc8 22. a3 Qd6 23. Qe3 Be6 24. Qf3 Bf7 25. e5 Qe6 26. Ne4 Bg7 27. Nxf6 Bxf6 28. exf6 Qxf6 29. c4 h4 30. Re2 Rxe2 31. Qxe2 Re8 32. Qf2 Bh5 33. Re1 Rxe1+ 34. Qxe1 Qxf4 35. Kg1 Bg6 36. Qf2 Qxf2+ 37. Kxf2 Bxd3 38. c5 Ke7 39. g3 hxg3+ 40. Kxg3 Ke6 41. Kf3 Kd5 42. Ke3 Bh7 43. Kf4 Kxc5 44. Ke5 Kc4 45. Ke6 Kb3 46. Kd7 Kxb2 47. Kxc7 c5 0-1